[Event "Aragon-chT Preferente Gr II"]
[Site "Aragon"]
[Date "2023.03.18"]
[Round "8.59"]
[White "Liarte Marinoso, Aaron"]
[Black "Rubio Tello, Abel"]
[Result "1/2-1/2"]
[WhiteElo "1621"]
[BlackElo "1807"]
[PlyCount "64"]
[EventDate "2023.01.28"]
[EventType "team-tourn"]
[EventRounds "9"]
[EventCountry "ESP"]
[SourceTitle "EXT 2024"]
[Source "ChessBase"]
[SourceDate "2023.10.10"]
[SourceVersion "1"]
[SourceVersionDate "2023.10.10"]
[SourceQuality "1"]
[WhiteTeam "Tauste"]
[BlackTeam "San Jose"]
[WhiteTeamCountry "ESP"]
[BlackTeamCountry "ESP"]

1. d4 d5 2. e4 e6 3. e5 c5 4. c3 Bd7 5. a4 Nc6 6. Nf3 Qb6 7. Be2 Rc8 8. 0-0 cxd4 9. cxd4 Nge7 10. Na3 Nf5 11. Nc2 h5 12. Bb5 Nb8 13. Bxd7+ Kxd7 14. Ne3 g6 15. a5 Qb5 16. Qa4 Qxa4 17. Rxa4 Be7 18. Bd2 Nc6 19. Rc1 h4 20. h3 Nxe3 21. Bxe3 Nb4 22. Raa1 Nd3 23. Rc3 Nxb2 24. Rb3 Nc4 25. Rxb7+ Rc7 26. a6 Kc6 27. Rab1 Rhc8 28. Bg5 Bxg5 29. Nxg5 Nb6 30. Nxf7 Rxb7 31. axb7 Rb8 32. Nd6 Nc4 1/2-1/2